<?xml version="1.0" encoding="UTF-8"?>
<record
    xmlns:xsi="http://www.w3.org/2001/XMLSchema-instance"
    xsi:schemaLocation="http://www.loc.gov/MARC21/slim http://www.loc.gov/standards/marcxml/schema/MARC21slim.xsd"
    xmlns="http://www.loc.gov/MARC21/slim">

  <leader>01188nam0a22002651  4500</leader>
  <controlfield tag="001">rc\2384387</controlfield>
  <controlfield tag="005">20260408002232.0</controlfield>
  <datafield tag="035" ind1=" " ind2=" ">
    <subfield code="a">(NLR Aleph) 006501970</subfield>
  </datafield>
  <datafield tag="090" ind1=" " ind2=" ">
    <subfield code="a">6240710</subfield>
    <subfield code="c">6240710</subfield>
  </datafield>
  <datafield tag="100" ind1=" " ind2=" ">
    <subfield code="a">20110829d1978    |||y0rusy50      ca</subfield>
  </datafield>
  <datafield tag="101" ind1="0" ind2=" ">
    <subfield code="a">rus</subfield>
  </datafield>
  <datafield tag="102" ind1=" " ind2=" ">
    <subfield code="a">RU</subfield>
  </datafield>
  <datafield tag="105" ind1=" " ind2=" ">
    <subfield code="a">y   z   |||||</subfield>
  </datafield>
  <datafield tag="200" ind1="1" ind2=" ">
    <subfield code="a">&#x410;&#x433;&#x440;&#x430;&#x440;&#x43D;&#x430;&#x44F; &#x43F;&#x43E;&#x43B;&#x438;&#x442;&#x438;&#x43A;&#x430; &#x43F;&#x430;&#x440;&#x442;&#x438;&#x438; &#x432; &#x434;&#x435;&#x439;&#x441;&#x442;&#x432;&#x438;&#x438;</subfield>
    <subfield code="e">&#x41A; &#x438;&#x442;&#x43E;&#x433;&#x430;&#x43C; &#x438;&#x44E;&#x43B;. (1978 &#x433;.) &#x41F;&#x43B;&#x435;&#x43D;&#x443;&#x43C;&#x430; &#x426;&#x41A; &#x41A;&#x41F;&#x421;&#x421;</subfield>
    <subfield code="e">(&#x41C;&#x430;&#x442;&#x435;&#x440;&#x438;&#x430;&#x43B; &#x432; &#x43F;&#x43E;&#x43C;&#x43E;&#x449;&#x44C; &#x43B;&#x435;&#x43A;&#x442;&#x43E;&#x440;&#x430;&#x43C;, &#x434;&#x43E;&#x43A;&#x43B;&#x430;&#x434;&#x447;&#x438;&#x43A;&#x430;&#x43C;, &#x430;&#x433;&#x438;&#x442;&#x430;&#x442;&#x43E;&#x440;&#x430;&#x43C;, &#x43F;&#x43E;&#x43B;&#x438;&#x442;&#x438;&#x43D;&#x444;&#x43E;&#x440;&#x43C;&#x430;&#x442;&#x43E;&#x440;&#x430;&#x43C;)</subfield>
    <subfield code="f">[&#x41D;&#x43E;&#x432;&#x438;&#x43A;&#x43E;&#x432; &#x410;.&#x412;., &#x428;&#x43F;&#x43E;&#x442;&#x430;&#x43B; &#x41B;.&#x418;.]</subfield>
  </datafield>
  <datafield tag="210" ind1=" " ind2=" ">
    <subfield code="a">&#x41D;&#x43E;&#x432;&#x43E;&#x441;&#x438;&#x431;&#x438;&#x440;&#x441;&#x43A;</subfield>
    <subfield code="c">&#x411;. &#x438;.</subfield>
    <subfield code="d">1978</subfield>
  </datafield>
  <datafield tag="215" ind1=" " ind2=" ">
    <subfield code="a">25 &#x441;.</subfield>
    <subfield code="d">20</subfield>
  </datafield>
  <datafield tag="300" ind1=" " ind2=" ">
    <subfield code="a">&#x412; &#x43D;&#x430;&#x434;&#x437;&#x430;&#x433;.: &#x41E;&#x442;&#x434;. &#x43F;&#x440;&#x43E;&#x43F;&#x430;&#x433;&#x430;&#x43D;&#x434;&#x44B; &#x438; &#x430;&#x433;&#x438;&#x442;&#x430;&#x446;&#x438;&#x438; &#x41D;&#x43E;&#x432;&#x43E;&#x441;&#x438;&#x431;. &#x43E;&#x431;&#x43A;&#x43E;&#x43C;&#x430; &#x41A;&#x41F;&#x421;&#x421;</subfield>
  </datafield>
  <datafield tag="700" ind1=" " ind2="1">
    <subfield code="a">&#x41D;&#x43E;&#x432;&#x438;&#x43A;&#x43E;&#x432;</subfield>
    <subfield code="b">&#x410;.&#x412;.</subfield>
  </datafield>
  <datafield tag="701" ind1=" " ind2="1">
    <subfield code="a">&#x428;&#x43F;&#x43E;&#x442;&#x430;&#x43B;</subfield>
    <subfield code="b">&#x41B;.&#x418;.</subfield>
  </datafield>
  <datafield tag="712" ind1="0" ind2="2">
    <subfield code="a">&#x41A;&#x41F;&#x421;&#x421;</subfield>
    <subfield code="b">&#x41D;&#x43E;&#x432;&#x43E;&#x441;&#x438;&#x431;&#x438;&#x440;&#x441;&#x43A;&#x438;&#x439; &#x43E;&#x431;&#x43B;&#x430;&#x441;&#x442;&#x43D;&#x43E;&#x439; &#x43A;&#x43E;&#x43C;&#x438;&#x442;&#x435;&#x442;</subfield>
    <subfield code="b">&#x41E;&#x442;&#x434;&#x435;&#x43B; &#x43F;&#x440;&#x43E;&#x43F;&#x430;&#x433;&#x430;&#x43D;&#x434;&#x44B; &#x438; &#x430;&#x433;&#x438;&#x442;&#x430;&#x446;&#x438;&#x438;</subfield>
    <subfield code="3">RU\NLR\AUTH\8810166627</subfield>
    <subfield code="9">829175</subfield>
  </datafield>
  <datafield tag="801" ind1=" " ind2="0">
    <subfield code="a">RU</subfield>
    <subfield code="b">NLR</subfield>
    <subfield code="g">psbo</subfield>
  </datafield>
  <datafield tag="801" ind1=" " ind2="1">
    <subfield code="a">RU</subfield>
    <subfield code="b">ELAR</subfield>
    <subfield code="2">rusmarc</subfield>
  </datafield>
  <datafield tag="852" ind1=" " ind2=" ">
    <subfield code="a">NLR</subfield>
    <subfield code="j">79-4/3022</subfield>
  </datafield>
  <datafield tag="942" ind1=" " ind2=" ">
    <subfield code="c">BOOK</subfield>
  </datafield>
  <datafield tag="980" ind1=" " ind2=" ">
    <subfield code="a">NB</subfield>
  </datafield>
  <datafield tag="995" ind1=" " ind2=" ">
    <subfield code="5">2013-10-26</subfield>
    <subfield code="b">NLR01</subfield>
    <subfield code="c">NLR01</subfield>
    <subfield code="e">RF9</subfield>
    <subfield code="f">6501970-10</subfield>
    <subfield code="k">79-4/3022</subfield>
    <subfield code="o">0</subfield>
    <subfield code="r">BOOK</subfield>
    <subfield code="s">7943022_</subfield>
  </datafield>
</record>
